| 000 | 00331nam a2200109Ia 4500 | ||
|---|---|---|---|
| 008 | 220203s9999 xx 000 0 und d | ||
| 100 | _aAccamma C. Korah | ||
| 245 | 0 | _a50 Years of Natural Rubber Research in India: A Bibliography | |
| 260 |
_bRubber Research Institute of India _aKottayam _c2005 |
||
| 700 | _aMercy Jose | ||
| 942 | _cPN | ||
| 999 |
_c45024 _d45024 |
||